Instrumental Concertos

Hlavní autor: Stamic, Karel, 1745-1801
Korporativní autor: Bratislavský komorní orchestr
Další autoři: Warchal, Bohdan, 1930-2000, Brunner, Vladislav, 1943-, Cvečka, V., Horák, Vlastimil, 1926-, Luptáčik, Jozef, 1947-, Slovenský komorný orchester
Jazyk: Čeština
Vydáno: Loděnice : Gramofonové závody, p1974, 1976, 1978, 1994
Témata:
Fyzický popis: 1 CD : AAD ; 12 cm + 1 složený list.
Zvukové nahrávky
Uloženo v:
LEADER 02001njm a2200421 a 4500
001 000229949
003 CZ BrMZK
005 19950101143423.0
008 950101s1994 xr f cze d
028 0 1 |a L1 0065-2 111  |b Gramofonové závody 
040 |a BOA001  |b cze 
080 |a 788.6.087.2:785.6(086.7)  |2 MRF 
100 1 |a Stamic, Karel,  |d 1745-1801  |7 jn19990009993  |4 cmp 
245 1 0 |a Instrumental Concertos  |h [zvukový záznam] /  |c Karel Stamic. 
246 3 3 |a Concerto for flute and string orchestra in G major, op. 29 
246 3 3 |a Concerto no. 4 for two clarinets and orchestra 
246 3 3 |a Concerto for clarinet and orchestra no. 3 in B flat major 
260 |a Loděnice :  |b Gramofonové závody,  |c p1974, 1976, 1978, 1994 
300 |a 1 CD :  |b AAD ;  |c 12 cm +  |e 1 složený list. 
306 |a 005859 
500 |a Nahr. neuv 
500 |a Durata 58:59 
500 |a Text doprovod. mater. též angl. a něm. 
505 0 |a Concerto for clarinet and orchestra no. 3 in B flat major, Concerto for flute and string orchestra in G major, op. 29, Concerto no. 4 for two clarinets and orchestra. 
511 0 |a J. Luptáčik, klarinet; V. Cvečka, klarinet, V. Brunner, flétna. Bratislavský komorní orchestr, řídí Vlastimil Horák; Slovenský komorní orchestr, řídí Bohdan Warchal 
653 0 |a flétnové koncerty  |a klarinetové koncerty 
700 1 |a Warchal, Bohdan,  |d 1930-2000  |7 jn19990008926  |4 cnd 
700 1 |a Brunner, Vladislav,  |d 1943-  |7 jn19990009811  |4 prf 
700 1 |a Cvečka, V.  |4 prf 
700 1 |a Horák, Vlastimil,  |d 1926-  |7 ola200205818  |4 cnd 
700 1 |a Luptáčik, Jozef,  |d 1947-  |7 pna2006322567  |4 prf 
710 2 |a Bratislavský komorní orchestr 
710 2 |a Slovenský komorný orchester  |7 kn20010710309  |4 prf 
910 |a BOA001  |b CD-0004.796 
964 |a Klarinet a orchestr  |x koncerty  |x CD 
964 |a Flétna a orchestr  |x koncerty  |x CD 
990 |a AV 
996 6 |b 261H004919  |c CD-0004.796  |l MZK  |r Sklad / do 24 hodin  |n 0  |p kup  |w 000229949  |u 000010  |a 1  |e BOA001  |j MZK50  |s P